00286nam a2200121Ia 4500008004100000082001300041100001900054245004300073250000800116260002400124300000800148650000800156191201s2013 xx 000 0 und d a658bKOE aKOONTZ, Harold 0aEssentials of Management an inter….. aRep aN. delhibTMHc2013 a500 aBBA